00390nam a2200121Ia 45000010005000000080041000050820020000461000066000662450069001322600024002019010028002259990015002533277241024s9999 xx 000 0 und d aRD371.072/R426m aRepública Dominicana. Secretaría de Estado de Educación 0aMejora contínua: Supervisión, evaluación e investigación bSanto Domingoc2009 a10/9/2013 10:52:39 a.m. c7530d7530